Antología de las obras completas de Pablo de Rokha

Guardat en:
Dades bibliogràfiques
Format: Llibre
Idioma:espanyol
Publicat: Santiago Pehuén 2015
Edició:1a. ed
Matèries:
Etiquetes: Afegir etiqueta
Sense etiquetes, Sigues el primer a etiquetar aquest registre!

MARC

LEADER 00000cam a2200000 a 4500
001 UCD3650
003 CL-VaPUC
005 20230531074420.0
008 160616e20150000cl |||||||||||||||||spa|d
999 |c 364677  |d 364675 
020 |a 9789561606265 
040 |c Pontificia Universidad Católica de Valparaíso 
082 0 4 |a Ch861  |b ANT  |2 21 
245 1 0 |a Antología de las obras completas de Pablo de Rokha 
250 |a 1a. ed 
260 |a Santiago  |b Pehuén  |c 2015 
300 |a 164 p 
583 |a last modification  |c 20160616 22:39:00  |k Rodrigo Vera 
600 |a Rokha, Pablo de,  |d 1894-1968  |9 879664 
650 0 |a Poesías chilenas   |9 265280 
650 0 |a Literatura chilena   |9 308278 
650 0 |a Antologías  |9 309836 
942 |c BK  |2 ddc 
945 |d 20160616 22:39:00  |a dcastane 
952 |0 0  |1 0  |3 erb  |4 0  |6 CH_861_000000000000000_ANT_2015  |7 0  |8 A  |9 478237  |a BIBART  |b BIBART  |i 5292778  |o Ch861 ANT 2015  |p 5292778  |r 2025-03-13  |w 2019-11-24  |y BK  |z Catalogado en:20160616  |k ART